| 000 | 00742nam0a22002411 4500 | ||
|---|---|---|---|
| 001 | rc\38230 | ||
| 005 | 20250620154630.0 | ||
| 010 |
_a5-85457-058-0 _91000 |
||
| 035 | _a(NLR Aleph) 005320918 | ||
| 090 |
_a6487398 _c6487398 |
||
| 100 | _a20021216d1995 |||y0rusy50 ca | ||
| 101 | 0 | _arus | |
| 102 | _aRU | ||
| 105 | _aa ||||||||| | ||
| 200 | 1 |
_aДуша музыканта _eСказки _e[Для детей _fХудож. С.В. Дагиленко] |
|
| 210 |
_aТверь _cТвер. обл. кн.-журн. изд-во _d1995 |
||
| 215 |
_a25 с. _cил. _d20 |
||
| 700 | 1 |
_aБедер _bН.М. _gНина Михайловна |
|
| 801 | 0 |
_aRU _bNLR _gpsbo |
|
| 801 | 1 |
_aRU _bELAR _2rusmarc |
|
| 852 |
_aNLR _j96-4/10394 |
||
| 942 | _cBOOK | ||
| 980 | _aNB | ||